书目信息 |
| 题名: |
the devil wears prada
|
|
| 作者: | ||
| 分册: | ||
| 出版信息: |
|
|
| 页数: | 360 | |
| 开本: | 24cm | |
| 丛书名: | ||
| 单 册: | ||
| 中图分类: | P209 | |
| 科图分类: | ||
| 主题词: | 测绘学 , 测量学 | |
| 电子资源: | ||
| ISBN: | 050694020020 | |
| 000 | 00436nam0 2200169 450 | |
| 001 | 202411153696051319 | |
| 005 | 20241115151229.75 | |
| 010 | @a050694020020@dUS7.99 | |
| 100 | @a20241115d km y0chiy0120 ea | |
| 101 | 0 | @achi |
| 200 | 1 | @athe devil wears prada |
| 215 | @a360@d24cm | |
| 606 | 0 | @a测绘学 |
| 606 | 0 | @a测量学 |
| 690 | @aP209@v4 | |
| 801 | 0 | @aCN@b大连网信软件有限公司图书馆·11@c20241115 |
| 905 | @aZUCC@b1438305@dP209@e386@f1 | |
| the devil wears prada |
| 360;24cm |
| ISBN 050694020020:US7.99 |
| ● |
| 相关链接 |
|
|
|
|
正题名:the devil wears prada
索取号:P209/386
 
预约/预借
| 序号 | 登录号 | 条形码 | 馆藏地/架位号 | 状态 | 备注 |
| 1 | 1438305 | 214383059 | 密集书库-资源管理系/ [索取号:P209/386] | 在馆 |